|
|
|
|
| LEADER |
02985nam a22005895i 4500 |
| 001 |
978-3-540-70934-3 |
| 003 |
DE-He213 |
| 005 |
20151204150429.0 |
| 007 |
cr nn 008mamaa |
| 008 |
100301s2007 gw | s |||| 0|eng d |
| 020 |
|
|
|a 9783540709343
|9 978-3-540-70934-3
|
| 024 |
7 |
|
|a 10.1007/978-3-540-70934-3
|2 doi
|
| 040 |
|
|
|d GrThAP
|
| 050 |
|
4 |
|a QA76.9.U83
|
| 050 |
|
4 |
|a QA76.9.H85
|
| 072 |
|
7 |
|a UYZG
|2 bicssc
|
| 072 |
|
7 |
|a COM070000
|2 bisacsh
|
| 082 |
0 |
4 |
|a 005.437
|2 23
|
| 082 |
0 |
4 |
|a 4.019
|2 23
|
| 245 |
1 |
0 |
|a Cognitive Systems
|h [electronic resource] :
|b Joint Chinese-German Workshop, Shanghai, China, March 7-11, 2005, Revised Selected Papers /
|c edited by Ruqian Lu, Jörg H. Siekmann, Carsten Ullrich.
|
| 264 |
|
1 |
|a Berlin, Heidelberg :
|b Springer Berlin Heidelberg,
|c 2007.
|
| 300 |
|
|
|a X, 166 p.
|b online resource.
|
| 336 |
|
|
|a text
|b txt
|2 rdacontent
|
| 337 |
|
|
|a computer
|b c
|2 rdamedia
|
| 338 |
|
|
|a online resource
|b cr
|2 rdacarrier
|
| 347 |
|
|
|a text file
|b PDF
|2 rda
|
| 490 |
1 |
|
|a Lecture Notes in Computer Science,
|x 0302-9743 ;
|v 4429
|
| 505 |
0 |
|
|a Cognitive Systems -- Natural Language Dialog with a Tutor System for Mathematical Proofs -- On the Effectiveness of Visualizations in a Theory of Computing Course -- Some Cognitive Aspects of a Turing Test for Children -- Challenges in Search and Usage of Multi-media Learning Objects -- An Intelligent Platform for Information Retrieval -- P-Terse: A Peer-to-Peer Based Text Retrieval and Search System -- Identifying Semantic Relations Between Named Entities from Chinese Texts -- Research on English-Chinese Bi-directional Cross-Language Information Retrieval -- Analyzing Image Texture from Blobs Perspective -- Access to Content -- Content-Based Image and Video Indexing and Retrieval -- Shape Recognition with Coarse-to-Fine Point Correspondence Under Image Deformations -- Towards Efficient Ranked Query Processing in Peer-to-Peer Networks.
|
| 650 |
|
0 |
|a Computer science.
|
| 650 |
|
0 |
|a Neurosciences.
|
| 650 |
|
0 |
|a Data mining.
|
| 650 |
|
0 |
|a User interfaces (Computer systems).
|
| 650 |
|
0 |
|a Artificial intelligence.
|
| 650 |
|
0 |
|a Computational linguistics.
|
| 650 |
1 |
4 |
|a Computer Science.
|
| 650 |
2 |
4 |
|a User Interfaces and Human Computer Interaction.
|
| 650 |
2 |
4 |
|a Neurosciences.
|
| 650 |
2 |
4 |
|a Computational Linguistics.
|
| 650 |
2 |
4 |
|a Artificial Intelligence (incl. Robotics).
|
| 650 |
2 |
4 |
|a Information Systems Applications (incl. Internet).
|
| 650 |
2 |
4 |
|a Data Mining and Knowledge Discovery.
|
| 700 |
1 |
|
|a Lu, Ruqian.
|e editor.
|
| 700 |
1 |
|
|a Siekmann, Jörg H.
|e editor.
|
| 700 |
1 |
|
|a Ullrich, Carsten.
|e editor.
|
| 710 |
2 |
|
|a SpringerLink (Online service)
|
| 773 |
0 |
|
|t Springer eBooks
|
| 776 |
0 |
8 |
|i Printed edition:
|z 9783540709336
|
| 830 |
|
0 |
|a Lecture Notes in Computer Science,
|x 0302-9743 ;
|v 4429
|
| 856 |
4 |
0 |
|u http://dx.doi.org/10.1007/978-3-540-70934-3
|z Full Text via HEAL-Link
|
| 912 |
|
|
|a ZDB-2-SCS
|
| 912 |
|
|
|a ZDB-2-LNC
|
| 950 |
|
|
|a Computer Science (Springer-11645)
|